000
00192 a2200097 4500
020
_a
842612318
041
_a
spa
100
_a
Linares Becerra, Concha
245
_a
Maridos de lujo
942
_c
BK
999
_c
31539
_d
31537